Les 50 plus grandes primes connues de One Piece - Statistiques

Statistiques générales
  • Ce quiz a été pris 65 fois
  • Le résultat moyen est 29 sur 50
Statistiques - réponses
Prime (en berrys) Nom du personnage % Correct
5 046 000 000 Barbe Blanche
100%
3 000 000 000 Monkey D. Luffy
100%
1 111 000 000 Roronoa Zoro
98%
3 996 000 000 Barbe Noire
92%
5 564 800 000 Gol. D. Roger
92%
1 032 000 000 Sanji
92%
4 388 000 000 Big Mom
90%
4 048 900 000 Shanks
90%
4 611 100 000 Kaido
86%
930 000 000 Robin
84%
1 965 000 000 Sir Crocodile
84%
3 000 000 000 Trafalgar D. Law
84%
366 000 000 Nami
82%
3 189 000 000 Baggy
80%
383 000 000 Brook
76%
3 590 000 000 Dracule Mihawk
75%
3 000 000 000 Eustass Kidd
75%
394 000 000 Franky
75%
1 057 000 000 Charlotte Katakuri
73%
1 100 000 000 Jinbe
73%
550 000 000 Ace
71%
500 000 000 Usopp
71%
1 659 000 000 Boa Hancock
67%
1 390 000 000 King
67%
1 320 000 000 Queen
67%
1 000 000 000 Jack
63%
340 000 000 Don Quichotte Doflamingo
61%
1 374 000 000 Marco
57%
602 000 000 Sabo
57%
860 000 000 Charlotte Cracker
51%
932 000 000 Charlotte Smoothie
49%
2 600 000 000 Loki
49%
1 800 000 000 Broggy
45%
1 800 000 000 Dorry
45%
480 000 000 Black Maria
35%
400 000 000 Ulti
35%
350 000 000 Scratchmen Apoo
33%
350 000 000 Capone Bege
29%
546 000 000 Who's Who
29%
472 000 000 Sasaki
25%
382 000 000 Pedro
22%
600 000 000 Charlotte Snack
20%
510 000 000 Izo
20%
700 000 000 Charlotte Slurp
16%
400 000 000 Karasu
14%
330 000 000 Pekoms
14%
457 000 000 Bello Betty
12%
542 000 000 Chinjao
12%
550 000 000 Oars.Jr
8%
429 000 000 Tamago
8%
Aucun quiz correspondant
Distribution des résultats
% des personnes avec chaque résultat
Percentile par nombre de réponses
Votre historique - résultats
Vous n’avez pas pris ce quiz